The witness of preaching (Record no. 13592)
[ view plain ]
| 000 -LEADER | |
|---|---|
| fixed length control field | 00517nam a2200193Ia 4500 |
| 008 - FIXED-LENGTH DATA ELEMENTS--GENERAL INFORMATION | |
| fixed length control field | 200825s9999||||xx |||||||||||||| ||und|| |
| 020 ## - INTERNATIONAL STANDARD BOOK NUMBER | |
| International Standard Book Number | 0804215715 |
| 020 ## - INTERNATIONAL STANDARD BOOK NUMBER | |
| International Standard Book Number | 9780804215718 |
| 041 ## - LANGUAGE CODE | |
| Language code of text/sound track or separate title | eng |
| 050 ## - LIBRARY OF CONGRESS CALL NUMBER | |
| Classification number | BV4211.2 |
| Item number | .L67 1989 |
| 100 ## - MAIN ENTRY--PERSONAL NAME | |
| Personal name | Long, Thomas G. |
| 245 #4 - TITLE STATEMENT | |
| Title | The witness of preaching |
| Remainder of title | / |
| Statement of responsibility, etc. | Thomas G. Long |
| 260 ## - PUBLICATION, DISTRIBUTION, ETC. | |
| Place of publication, distribution, etc. | Louisville, Ky. : |
| Name of publisher, distributor, etc. | Westminster/J. Knox Press, |
| Date of publication, distribution, etc. | 1989 |
| 300 ## - PHYSICAL DESCRIPTION | |
| Extent | 216 p. |
| Other physical details | ; |
| Dimensions | 23 cm. |
| 650 ## - SUBJECT ADDED ENTRY--TOPICAL TERM | |
| Topical term or geographic name entry element | Homiletics. |
| 650 ## - SUBJECT ADDED ENTRY--TOPICAL TERM | |
| Topical term or geographic name entry element | Preaching. |
| 650 ## - SUBJECT ADDED ENTRY--TOPICAL TERM | |
| Topical term or geographic name entry element | Sermons. |
| Withdrawn status | Lost status | Damaged status | Not for loan | Home library | Current library | Shelving location | Date acquired | Total Checkouts | Full call number | Barcode | Date last seen | Copy number | Price effective from | Koha item type | Source of classification or shelving scheme |
|---|---|---|---|---|---|---|---|---|---|---|---|---|---|---|---|
| GETS Theological Seminary Library | GETS Theological Seminary Library | Duplicate Section | 08/19/2020 | BV4211.2 .L67 1989 | 00003520 | 08/19/2020 | c. 3 | 08/19/2020 | English Books | ||||||
| GETS Theological Seminary Library | GETS Theological Seminary Library | Duplicate Section | 08/25/2020 | BV4211.2 .L67 1989 | 00006482 | 08/25/2020 | c. 2 | 08/25/2020 | English Books | ||||||
| GETS Theological Seminary Library | GETS Theological Seminary Library | General Stacks | 09/04/2020 | BV4211.2 .L67 1989 | 00003101 | 09/04/2020 | 09/04/2020 | English Books | Library of Congress Classification |